<?xml version="1.0" encoding="UTF-8"?><?xml-stylesheet type="text/xsl" href="static/style.xsl"?><OAI-PMH xmlns="http://www.openarchives.org/OAI/2.0/" xmlns:xsi="http://www.w3.org/2001/XMLSchema-instance" xsi:schemaLocation="http://www.openarchives.org/OAI/2.0/ http://www.openarchives.org/OAI/2.0/OAI-PMH.xsd"><responseDate>2026-04-17T18:50:02Z</responseDate><request verb="GetRecord" identifier="oai:www.recercat.cat:10459.1/57163" metadataPrefix="marc">https://recercat.cat/oai/request</request><GetRecord><record><header><identifier>oai:recercat.cat:10459.1/57163</identifier><datestamp>2024-12-05T22:09:59Z</datestamp><setSpec>com_2072_3622</setSpec><setSpec>col_2072_479130</setSpec></header><metadata><record xmlns="http://www.loc.gov/MARC21/slim" xmlns:dcterms="http://purl.org/dc/terms/" xmlns:xsi="http://www.w3.org/2001/XMLSchema-instance" xmlns:doc="http://www.lyncode.com/xoai" xsi:schemaLocation="http://www.loc.gov/MARC21/slim http://www.loc.gov/standards/marcxml/schema/MARC21slim.xsd">
   <leader>00925njm 22002777a 4500</leader>
   <datafield ind2=" " ind1=" " tag="042">
      <subfield code="a">dc</subfield>
   </datafield>
   <datafield ind2=" " ind1=" " tag="720">
      <subfield code="a">Oliva Palau, Jonàs</subfield>
      <subfield code="e">author</subfield>
   </datafield>
   <datafield ind2=" " ind1=" " tag="720">
      <subfield code="a">Colinas, C. (Carlos)</subfield>
      <subfield code="e">author</subfield>
   </datafield>
   <datafield ind2=" " ind1=" " tag="260">
      <subfield code="c">2016-06-06T10:40:00Z</subfield>
   </datafield>
   <datafield ind2=" " ind1=" " tag="260">
      <subfield code="c">2025-01-01</subfield>
   </datafield>
   <datafield ind2=" " ind1=" " tag="260">
      <subfield code="c">2008</subfield>
   </datafield>
   <datafield ind2=" " ind1=" " tag="520">
      <subfield code="a">Melampsorella caryophyllacearum is a heteroecious&#xd;
fungus that produces disease on silver fir&#xd;
resulting in galls that depreciate the value of trees.&#xd;
Currently, little is known about its epidemiology. The&#xd;
purpose of this study was to identify those site or&#xd;
management factors associated with fir broom rust&#xd;
infection. A 29-plot systematic sampling was carried&#xd;
out throughout all silver fir forests in the Spanish Pyrenees.&#xd;
In every sampling plot, we examined each tree&#xd;
for the presence of M. caryophyllacearum galls or&#xd;
witch’s brooms. We differentiated their position as&#xd;
either on the main stem or on the branches of trees.&#xd;
We identified the most susceptible stands by relating a&#xd;
compendium of tree and stand variables with the&#xd;
presence and severity of symptoms. Disease symptoms&#xd;
were observed in 11.8% (95% CI: 5.8–17.9%) of trees.&#xd;
Fir broom rust-infected trees tended to be those of&#xd;
larger diameters. The rust infection was observed in&#xd;
55.2% (95% CI: 35.7–73.6%) of the stands. We identified&#xd;
a wide range of severities with 5 of 29 stands&#xd;
having more than 30% of trees infected. Fir broom rust&#xd;
appeared to be a widespread disease, although we&#xd;
observed important differences in terms of severity.&#xd;
The presence and severity of the rust in stands was&#xd;
associated with understories composed of more shade&#xd;
tolerant plant species and with longer periods without&#xd;
thinnings. Canopy opening should be experimentally&#xd;
tested as a possible control method.</subfield>
   </datafield>
   <datafield ind2=" " ind1=" " tag="520">
      <subfield code="a">Authors are grateful to the Instituto Nacional de Investigacion y Tecnologia Agraria y Alimentaria (INIA), Spain, project (RTA01-071-C3-1), and to the managing organism of the INTERREG III A, France-Spain, Action S3 of the project SYLVAPYR (I3A-1-57-E) for partially funding this research.</subfield>
   </datafield>
   <datafield ind1="8" ind2=" " tag="024">
      <subfield code="a">http://hdl.handle.net/10459.1/57163</subfield>
   </datafield>
   <datafield tag="653" ind2=" " ind1=" ">
      <subfield code="a">Abies alba</subfield>
   </datafield>
   <datafield tag="653" ind2=" " ind1=" ">
      <subfield code="a">Silver fir</subfield>
   </datafield>
   <datafield tag="653" ind2=" " ind1=" ">
      <subfield code="a">Rust</subfield>
   </datafield>
   <datafield tag="653" ind2=" " ind1=" ">
      <subfield code="a">Disease management</subfield>
   </datafield>
   <datafield ind2="0" ind1="0" tag="245">
      <subfield code="a">Canopy openings may prevent fir broom rust (Melampsorella caryophyllacearum) infections</subfield>
   </datafield>
</record></metadata></record></GetRecord></OAI-PMH>